00812cam a2200193 a 450000100100000000500170001000800410002704000300006808200200009810000260011824500760014426000720022030000210029249001040031365000240041765000460044165000260048783001050051300001872120200929165840.0761004s1966 ve 000 p spa d aDO-SdBNPbspadDLCdBNPHU aVe861.44bC348g1 aCastellanos, Enrique.13aLa generación del 18 en la poetica venezolana /cEnrique Castellanos. aCaracas, Venezuela :bEdiciones Cuatricentenario de Caracas,c1966. a147 p. ;c24 cm.1 aComisión Nacional del Cuatricentenario de la Fundación de CaracasaComíte de Obras Culturales 4aPoesía venezolana 4aPoesía venezolanaxHistoria y crítica 4aLiteratura venezolana 0aComisión Nacional del Cuatricentenario de la Fundación de Caracas,pComíte de Obras Culturales